Purposive communication / Ma. Antonieta G. Zoleta, Imelda N. Binay-an, Ph.D. (Record no. 21307)

000 -LEADER
fixed length control field 00530nam a22001697a 4500
020 ## - INTERNATIONAL STANDARD BOOK NUMBER
ISBN 9789719655282
082 ## - DEWEY DECIMAL CLASSIFICATION NUMBER
Classification number 302.2
Item number Z863 2023
100 ## - MAIN ENTRY--AUTHOR NAME
Personal name Zoleta, Ma. Antonieta G., author.
245 ## - TITLE STATEMENT
Title Purposive communication / Ma. Antonieta G. Zoleta, Imelda N. Binay-an, Ph.D.
250 ## - EDITION STATEMENT
Edition statement Revised edition.
260 ## - PUBLICATION, DISTRIBUTION, ETC. (IMPRINT)
Place of publication Manila :
Name of publisher Mindshapers Co., Inc.,
Year of publication ©2023.
300 ## - PHYSICAL DESCRIPTION
Number of Pages vi, 220 pages ;
Other physical details 26 cm
500 ## - GENERAL NOTE
General note Includes bibliographical references.
650 ## - SUBJECT ADDED ENTRY--TOPICAL TERM
Topical Term Communication.
700 ## - ADDED ENTRY--PERSONAL NAME
Personal name Binay-an, Imelda N.
942 ## - ADDED ENTRY ELEMENTS (KOHA)
Koha item type Books
Holdings
Source of acquisition Permanent Location Date acquired Koha item type Collection code Accession Number Lost status Shelving location Withdrawn status Current Location Full call number
SchoolCagayan State University - Carig Library2025-08-28BooksSocial Sciences011075 General Collection Cagayan State University - Carig Library302.2 Z863 2023
SchoolCagayan State University - Carig Library2025-08-28BooksSocial Sciences011076 General Collection Cagayan State University - Carig Library302.2 Z863 2023
SchoolCagayan State University - Carig Library2025-08-28BooksSocial Sciences011077 General Collection Cagayan State University - Carig Library302.2 Z863 2023

Cagayan State University University Library, Carig Campus
Tuguegarao City, Cagayan 3500 | www.csucarig.edu.ph

Powered by Koha